[Event "Junior Online 4NCL Division 5"]
[Site "online"]
[Date "2020.04.23"]
[Round "2.174"]
[White "Griffiths, Dylan"]
[Black "Gadhia, Sai"]
[Result "1-0"]
[WhiteElo "1195"]
[BlackElo "775"]
[PlyCount "33"]
[EventDate "2020.04.23"]
[WhiteTeam "Robin Hoods 4"]
[BlackTeam "Blue Foxes 2"]

1. e4 e5 2. Nf3 d5 3. Nc3 Nc6 4. exd5 Nf6 5. Bc4 Na5 6. Bb5+ c6 7. dxc6 bxc6 8.
Ba4 Bb4 9. d3 Bg4 10. Be3 Nh5 11. Nxe5 Be7 12. Nxg4 Bh4 13. Qe2 f5 14. Ne5 f4
15. Bd4 f3 16. Qxf3 g5 17. Qf7# 1-0

[Event "Junior Online 4NCL Division 5"]
[Site "online"]
[Date "2020.04.23"]
[Round "2.175"]
[White "Pitts, Daniel"]
[Black "Dissanayake, Sathsara"]
[Result "1-0"]
[WhiteElo "1240"]
[BlackElo "850"]
[PlyCount "69"]
[EventDate "2020.04.23"]
[WhiteTeam "Robin Hoods 4"]
[BlackTeam "Blue Foxes 2"]

1. e4 d5 2. exd5 Qxd5 3. Nc3 Qe6+ 4. Qe2 Qxe2+ 5. Bxe2 Nc6 6. Nb5 Kd8 7. Nf3
Bg4 8. Nfd4 Nxd4 9. Nxd4 Bxe2 10. Nxe2 e6 11. O-O Bd6 12. h3 Nf6 13. d4 Re8 14.
Nf4 Bxf4 15. Bxf4 c6 16. Rad1 Nh5 17. Be5 f6 18. Bd6 f5 19. Rfe1 Kd7 20. Bc5
Nf4 21. g3 Nxh3+ 22. Kh2 Nxf2 23. Re2 Nxd1 24. Kg1 Nxb2 25. Kf1 Na4 26. Bb4 a5
27. Ba3 Nc3 28. Rf2 Nxa2 29. g4 fxg4 30. Rf7+ Re7 31. Rxe7+ Kd8 32. Rxb7 Nc3
33. Rxg7 h5 34. Rg8+ Kc7 35. Rxa8 1-0

[Event "Junior Online 4NCL Division 5"]
[Site "online"]
[Date "2020.04.23"]
[Round "2.176"]
[White "Jackson, Will"]
[Black "Asensio, Tomas"]
[Result "0-1"]
[WhiteElo "850"]
[BlackElo "1232"]
[PlyCount "38"]
[EventDate "2020.04.23"]
[WhiteTeam "Blue Foxes 2"]
[BlackTeam "Robin Hoods 4"]

1. d4 d6 2. Nc3 Nf6 3. Bg5 Nbd7 4. Bxf6 Nxf6 5. e3 e5 6. dxe5 dxe5 7. Bb5+ c6
8. Bc4 Be7 9. Qf3 O-O 10. Nh3 Qc7 11. O-O b6 12. g3 a6 13. Qe4 Nxe4 14. Nxe4
Bxh3 15. Rfd1 Bf5 16. a4 Bxe4 17. b4 Qc8 18. a5 Qh3 19. axb6 Qg2# 0-1

[Event "Junior Online 4NCL Division 5"]
[Site "online"]
[Date "2020.04.23"]
[Round "2.177"]
[White "Javed, Zain"]
[Black "Mittal, Aarav"]
[Result "1/2-1/2"]
[WhiteElo "1232"]
[BlackElo "812"]
[PlyCount "57"]
[EventDate "2020.04.23"]
[WhiteTeam "Robin Hoods 4"]
[BlackTeam "Blue Foxes 2"]

1. e4 e5 2. Nf3 Nf6 3. Nxe5 Nc6 4. Nf3 Nxe4 5. Nc3 Ng5 6. Bc4 Nxf3+ 7. Qxf3
Qe7+ 8. Ne4 d5 9. Bxd5 Nd4 10. Qe3 Nxc2+ 11. Ke2 Nxe3 12. Kxe3 c6 13. Bc4 Bf5
14. d3 Bxe4 15. dxe4 b5 16. Bd3 Rd8 17. Bd2 c5 18. Bxb5+ Rd7 19. Bxd7+ Kxd7 20.
Rhd1 Qg5+ 21. f4 Qxg2 22. Bc3+ Ke6 23. f5+ Ke7 24. Rg1 Qxh2 25. Raf1 Qh3+ 26.
Rf3 Qh2 27. Rff1 Qh6+ 28. Rf4 Qh2 29. Rff1 1/2-1/2

[Event "Junior Online 4NCL Division 5"]
[Site "online"]
[Date "2020.04.23"]
[Round "2.178"]
[White "Gadhia, Sai"]
[Black "Griffiths, Dylan"]
[Result "0-1"]
[WhiteElo "775"]
[BlackElo "1195"]
[PlyCount "42"]
[EventDate "2020.04.23"]
[WhiteTeam "Blue Foxes 2"]
[BlackTeam "Robin Hoods 4"]

1. e4 e5 2. Nf3 Nc6 3. Nc3 Bc5 4. Bb5 Nf6 5. d4 exd4 6. Na4 Nxe4 7. Qe2 d5 8.
Nxc5 Bf5 9. Nxe4 dxe4 10. Nxd4 Qf6 11. Nxc6 bxc6 12. Bxc6+ Qxc6 13. Qc4 Qxc4
14. b3 Qc3+ 15. Bd2 Qxa1+ 16. Ke2 Qxh1 17. f3 Qxg2+ 18. Ke3 exf3 19. Be1 O-O
20. Bf2 Rfe8+ 21. Kf4 Qg4# 0-1

[Event "Junior Online 4NCL Division 5"]
[Site "online"]
[Date "2020.04.23"]
[Round "2.181"]
[White "Abraham, Lexi"]
[Black "Yuan, Derek"]
[Result "0-1"]
[WhiteElo "850"]
[BlackElo "1360"]
[PlyCount "140"]
[EventDate "2020.04.23"]
[WhiteTeam "Blue Foxes 3"]
[BlackTeam "Cambridge Chess & Go B"]

1. e4 e5 2. Nf3 Nc6 3. Nc3 Nf6 4. Bb5 a6 5. Bxc6 dxc6 6. d3 Bg4 7. h3 Bh5 8. g4
Bg6 9. Nh4 Bb4 10. Nxg6 hxg6 11. a3 Bxc3+ 12. bxc3 Qd7 13. O-O O-O-O 14. Bg5 c5
15. d4 cxd4 16. cxd4 Qxd4 17. Qxd4 Rxd4 18. Rad1 Rxe4 19. f3 Re3 20. Bxe3 Rxh3
21. Kg2 Rh6 22. Bxh6 gxh6 23. Rd2 h5 24. gxh5 gxh5 25. Rfd1 Kb8 26. Rd8+ Ka7
27. R8d7 c6 28. Rxf7 Nd5 29. Rf5 Ne3+ 30. Kf2 Nxf5 31. Rh1 h4 32. Re1 h3 33.
Rh1 Kb6 34. Rxh3 Kc5 35. Rh5 Nd4 36. Rxe5+ Kd6 37. Re2 c5 38. Rd2 b5 39. c3 Kd5
40. cxd4 cxd4 41. f4 Ke4 42. Ra2 d3 43. Rd2 a5 44. f5 Kxf5 45. Rxd3 Ke4 46. Rb3
b4 47. a4 Kd4 48. Rb1 Kc3 49. Ra1 b3 50. Ke1 b2 51. Rd1 Kb3 52. Rb1 Ka2 53. Rd1
b1=Q 54. Rxb1 Kxb1 55. Kd2 Kb2 56. Kd3 Kb3 57. Kd4 Ka3 58. Kc5 Kxa4 59. Kb6 Kb4
60. Ka6 a4 61. Kb7 a3 62. Kc6 a2 63. Kb6 a1=Q 64. Kc6 Qd4 65. Kb7 Qc5 66. Kb8
Qc6 67. Ka7 Qb5 68. Ka8 Kc5 69. Ka7 Kc6 70. Ka8 Qb7# 0-1

[Event "Junior Online 4NCL Division 5"]
[Site "online"]
[Date "2020.04.23"]
[Round "2.182"]
[White "Ke, Kevin"]
[Black "Dyer, Emily"]
[Result "1-0"]
[WhiteElo "1345"]
[BlackElo "820"]
[PlyCount "31"]
[EventDate "2020.04.23"]
[WhiteTeam "Cambridge Chess & Go B"]
[BlackTeam "Blue Foxes 3"]

1. d4 e6 2. e4 Qh4 3. Nc3 Bb4 4. Qd3 Nf6 5. e5 Ng4 6. Be3 O-O 7. Nf3 Qf6 8.
O-O-O Nc6 9. Ng5 Qh6 10. Nxf7 Qh4 11. Ng5 Nxh2 12. g3 Qg4 13. Rxh2 Rf5 14. Rh4
Qh3 15. Bxh3 Rf8 16. Qxh7# 1-0

[Event "Junior Online 4NCL Division 5"]
[Site "online"]
[Date "2020.04.23"]
[Round "2.183"]
[White "Prashanth, Shrivats"]
[Black "Syposz, Adam"]
[Result "0-1"]
[WhiteElo "775"]
[BlackElo "1337"]
[PlyCount "32"]
[EventDate "2020.04.23"]
[WhiteTeam "Blue Foxes 3"]
[BlackTeam "Cambridge Chess & Go B"]

1. e4 e5 2. d4 f6 3. Nf3 exd4 4. Qxd4 Qe7 5. Qd1 Qxe4+ 6. Kd2 Nc6 7. Be2 Nd4 8.
Ke1 Nxe2 9. Bd2 Nc3+ 10. Kf1 Nxd1 11. Na3 Nxb2 12. Rb1 Nc4 13. Bc3 Nxa3 14. Ra1
Qxc2 15. Kg1 Qxc3 16. Nh4 Qxa1# 0-1

[Event "Junior Online 4NCL Division 5"]
[Site "online"]
[Date "2020.04.23"]
[Round "2.185"]
[White "Yuan, Derek"]
[Black "Abraham, Lexi"]
[Result "1-0"]
[WhiteElo "1360"]
[BlackElo "850"]
[PlyCount "49"]
[EventDate "2020.04.23"]
[WhiteTeam "Cambridge Chess & Go B"]
[BlackTeam "Blue Foxes 3"]

1. e4 e5 2. Nf3 Nc6 3. Bb5 Nf6 4. Nc3 Nb4 5. a3 Nc6 6. O-O g6 7. Re1 Bh6 8.
Bxc6 bxc6 9. Nxe5 c5 10. Nd5 Rb8 11. Nxf6+ Qxf6 12. Nf3 Bf4 13. Qe2 Be5 14.
Nxe5 Qxe5 15. d3 O-O 16. c3 d5 17. exd5 Qxd5 18. Qe4 Qb7 19. Qxb7 Bxb7 20. Bh6
Rfc8 21. b4 Rd8 22. Re3 Rd7 23. Rae1 Rbd8 24. Re8+ Rxe8 25. Rxe8# 1-0

[Event "Junior Online 4NCL Division 5"]
[Site "online"]
[Date "2020.04.23"]
[Round "2.186"]
[White "Dyer, Emily"]
[Black "Ke, Kevin"]
[Result "0-1"]
[WhiteElo "820"]
[BlackElo "1345"]
[PlyCount "34"]
[EventDate "2020.04.23"]
[WhiteTeam "Blue Foxes 3"]
[BlackTeam "Cambridge Chess & Go B"]

1. e4 e5 2. Qh5 Nc6 3. Bc4 Qf6 4. Nf3 g6 5. Qg4 d5 6. exd5 Bxg4 7. O-O Bxf3 8.
gxf3 Qxf3 9. Nc3 Qg4+ 10. Kh1 Qxc4 11. Rg1 Bc5 12. d3 Qd4 13. Ne2 Qxd5+ 14. Rg2
Bxf2 15. Nc3 Qf3 16. Nb5 Qd1+ 17. Rg1 Qxg1# 0-1

[Event "Junior Online 4NCL Division 5"]
[Site "online"]
[Date "2020.04.23"]
[Round "2.187"]
[White "Syposz, Adam"]
[Black "Prashanth, Shrivats"]
[Result "1-0"]
[WhiteElo "1337"]
[BlackElo "775"]
[PlyCount "97"]
[EventDate "2020.04.23"]
[WhiteTeam "Cambridge Chess & Go B"]
[BlackTeam "Blue Foxes 3"]

1. e4 d5 2. exd5 Qxd5 3. Nc3 Qd8 4. d3 g5 5. Bxg5 Nf6 6. Be2 h6 7. Bh4 Qd4 8.
Bg3 Qd8 9. Nf3 Nbd7 10. h3 Rb8 11. O-O b5 12. d4 b4 13. Na4 Nb6 14. Nxb6 cxb6
15. Bxb8 Nd7 16. Bg3 Nf6 17. Bb5+ Bd7 18. Bxd7+ Qxd7 19. Be5 Qd5 20. Re1 Rg8
21. Bxf6 Qf5 22. Bxe7 Bxe7 23. d5 Kd7 24. d6 Bxd6 25. Qd3 Qxd3 26. cxd3 Rc8 27.
Ne5+ Kd8 28. Nxf7+ Kd7 29. Nxd6 Kxd6 30. Re4 Rc2 31. Rb1 Rc7 32. Rh4 Rh7 33.
Kh2 a5 34. g4 Rh8 35. g5 Rh7 36. gxh6 Kd5 37. Rg1 a4 38. Rg7 Rxg7 39. hxg7 Kd6
40. g8=Q Kc6 41. Qe6+ Kc5 42. Rh5+ Kd4 43. Qxb6+ Kxd3 44. Rd5+ Kc2 45. Qc5+
Kxb2 46. Qxb4+ Kxa2 47. Qxa4+ Kb1 48. Rd2 Kc1 49. Qc2# 1-0

[Event "Junior Online 4NCL Division 5"]
[Site "online"]
[Date "2020.04.23"]
[Round "2.188"]
[White "Lee, Isaac"]
[Black "Gadhia, Sathya"]
[Result "1-0"]
[WhiteElo "1240"]
[BlackElo "812"]
[PlyCount "51"]
[EventDate "2020.04.23"]
[WhiteTeam "Blue Foxes 3"]
[BlackTeam "Cambridge Chess & Go B"]

1. e4 Nc6 2. Nf3 Nf6 3. Nc3 e6 4. d4 d6 5. Bc4 b6 6. Bf4 a5 7. O-O Be7 8. Qd2
O-O 9. Qe2 Ng4 10. Rfd1 Bh4 11. Rf1 Bf6 12. Rad1 Nxd4 13. Nxd4 Nxf2 14. Rxf2
Bxd4 15. Rxd4 Qh4 16. Bg3 Qg5 17. Bf4 Qh6 18. Bxh6 gxh6 19. Qg4+ Kh8 20. Rf3
Rg8 21. Qf4 e5 22. Qxf7 exd4 23. Qf6+ Rg7 24. Rg3 Bg4 25. Rxg4 Re8 26. Qxg7#
1-0

[Event "Junior Online 4NCL Division 5"]
[Site "online"]
[Date "2020.04.23"]
[Round "2.191"]
[White "Howett, Alex"]
[Black "Das, Anish"]
[Result "1-0"]
[WhiteElo "1142"]
[BlackElo "887"]
[PlyCount "60"]
[EventDate "2020.04.23"]
[WhiteTeam "Warwickshire Bears F"]
[BlackTeam "Blue Foxes 1"]

1. e4 e5 2. Nf3 d6 3. Nc3 Nf6 4. d3 Bg4 5. h3 Bxf3 6. Qxf3 Be7 7. Be2 Nc6 8.
O-O O-O 9. Be3 Nb4 10. Rac1 d5 11. exd5 Nfxd5 12. a3 Nxc3 13. axb4 Nxe2+ 14.
Qxe2 Bxb4 15. Qf3 f5 16. Qxb7 f4 17. Qxb4 fxe3 18. fxe3 Rb8 19. Qc3 Qd5 20. e4
Qd4+ 21. Qxd4 exd4 22. Rb1 g5 23. Rfe1 h5 24. e5 Rbe8 25. Re2 Re7 26. Rbe1 Ref7
27. e6 Re7 28. b4 Rb8 29. Re5 c6 30. Rxg5+ Kf8 1-0

[Event "Junior Online 4NCL Division 5"]
[Site "online"]
[Date "2020.04.23"]
[Round "2.192"]
[White "Das, Aman"]
[Black "Johal, Amraya K"]
[Result "0-1"]
[WhiteElo "850"]
[BlackElo "1075"]
[PlyCount "98"]
[EventDate "2020.04.23"]
[WhiteTeam "Blue Foxes 1"]
[BlackTeam "Warwickshire Bears F"]

1. e4 e5 2. Nc3 Nc6 3. Nf3 Nf6 4. Bc4 Bb4 5. a3 Bxc3 6. bxc3 Nxe4 7. Bb5 d6 8.
Bxc6+ bxc6 9. d3 Nxc3 10. Qd2 Nd5 11. Qe2 Bg4 12. Bg5 Qd7 13. Qe4 Bxf3 14. gxf3
O-O 15. O-O Rab8 16. c4 Nf6 17. Bxf6 gxf6 18. Rab1 Rxb1 19. Rxb1 Kh8 20. Kh1
Rg8 21. Rg1 Rxg1+ 22. Kxg1 f5 23. Qe3 a5 24. f4 exf4 25. Qxf4 d5 26. cxd5 Qxd5
27. Qe3 Qd6 28. Qa7 Qxa3 29. Qxc7 a4 30. Qxc6 Qa1+ 31. Kg2 Qd1 32. Qxa4 Qxa4
33. d4 Qxd4 34. f3 Qd2+ 35. Kg3 h5 36. f4 Kg7 37. Kf3 Qxh2 38. Ke3 Qg1+ 39. Kf3
h4 40. Ke2 h3 41. Kf3 h2 42. Ke2 h1=Q 43. Kd3 Qf1+ 44. Ke3 Qhg2 45. Kd4 Qge2
46. Kd5 Qfd1+ 47. Kc6 Qec2+ 48. Kb7 Qdb1+ 49. Ka8 Qca2# 0-1

[Event "Junior Online 4NCL Division 5"]
[Site "online"]
[Date "2020.04.23"]
[Round "2.194"]
[White "Polyzos, Apostolos"]
[Black "Pal, Rhea"]
[Result "0-1"]
[WhiteElo "850"]
[BlackElo "985"]
[PlyCount "72"]
[EventDate "2020.04.23"]
[WhiteTeam "Blue Foxes 1"]
[BlackTeam "Warwickshire Bears F"]

1. e4 e5 2. Nc3 Nf6 3. Nf3 Nc6 4. Bb5 Be7 5. O-O O-O 6. Ng5 d5 7. Qe1 dxe4 8.
Ncxe4 Nxe4 9. Nxe4 Bf5 10. d3 a6 11. Bxc6 bxc6 12. Be3 Rb8 13. b3 Qd7 14. Rd1
Qe6 15. Qa5 Qg6 16. Qxc7 Bh3 17. Ng3 Bg4 18. f3 Bxf3 19. Rxf3 Bh4 20. Qxe5 Rfe8
21. Qf4 h6 22. Qxh4 Rb7 23. Qf4 Rbe7 24. Re1 f6 25. Nf5 Kh7 26. Nxe7 Rxe7 27.
Qd6 Re5 28. Qxc6 Qg4 29. Qxa6 f5 30. Qd6 Ra5 31. Qxh6+ Kg8 32. a4 gxh6 33. Bxh6
Ra6 34. Bd2 Rg6 35. Re8+ Kf7 36. Ree3 Qxg2# 0-1

[Event "Junior Online 4NCL Division 5"]
[Site "online"]
[Date "2020.04.23"]
[Round "2.196"]
[White "Johal, Amraya K"]
[Black "Das, Aman"]
[Result "1-0"]
[WhiteElo "1075"]
[BlackElo "850"]
[PlyCount "73"]
[EventDate "2020.04.23"]
[WhiteTeam "Warwickshire Bears F"]
[BlackTeam "Blue Foxes 1"]

1. e4 e5 2. Nc3 Nc6 3. Nf3 Nf6 4. Bb5 Bb4 5. d3 Nd4 6. Nxd4 exd4 7. Bc4 dxc3 8.
bxc3 Bxc3+ 9. Bd2 Bxa1 10. Qxa1 O-O 11. Qd1 d5 12. exd5 Nxd5 13. Bc1 Nb6 14.
Qe2 Nxc4 15. dxc4 Qe8 16. Be3 Qa4 17. O-O Qxa2 18. Qf3 Qxc2 19. Qg3 Qxc4 20.
Bh6 Qd4 21. h3 Qf6 22. Bg5 Qg6 23. h4 f6 24. Bf4 Qf5 25. Bxc7 Rf7 26. Rd1 Rxc7
27. Rd8+ Kf7 28. Qxc7+ Kg6 29. Qg3+ Kh5 30. Qb3 a5 31. Rd5 Qxd5 32. Qxd5+ Kg6
33. Qd3+ Kh6 34. g4 a4 35. g5+ fxg5 36. Qe3 a3 37. Qxg5# 1-0

[Event "Junior Online 4NCL Division 5"]
[Site "online"]
[Date "2020.04.23"]
[Round "2.198"]
[White "Pal, Rhea"]
[Black "Polyzos, Apostolos"]
[Result "1-0"]
[WhiteElo "985"]
[BlackElo "850"]
[PlyCount "55"]
[EventDate "2020.04.23"]
[WhiteTeam "Warwickshire Bears F"]
[BlackTeam "Blue Foxes 1"]

1. e4 e5 2. Nf3 Nc6 3. Nc3 Nf6 4. Be2 Be7 5. O-O Bb4 6. d3 Bxc3 7. bxc3 O-O 8.
Bg5 h6 9. Bh4 Re8 10. d4 Rf8 11. dxe5 Re8 12. exf6 gxf6 13. Qd3 Qe7 14. Rab1
Qd8 15. Nd4 Ne5 16. Qe3 Nc4 17. Bxc4 Rf8 18. Qg3+ Kh8 19. e5 fxe5 20. Bxd8 exd4
21. cxd4 Rxd8 22. Qe5+ Kg8 23. Rfe1 d6 24. Qg3+ Kf8 25. Re3 Rd7 26. Rbe1 Re7
27. Rxe7 b6 28. Re8# 1-0

[Event "Junior Online 4NCL Division 5"]
[Site "online"]
[Date "2020.04.23"]
[Round "2.201"]
[White "Knight, Michael D"]
[Black "Tang, Kei Hon"]
[Result "1-0"]
[WhiteElo "1210"]
[BlackElo "775"]
[PlyCount "79"]
[EventDate "2020.04.23"]
[WhiteTeam "Uxbridge Juniors Jamma"]
[BlackTeam "Uxbridge Juniors B2"]

1. e4 Nf6 2. Nc3 Nc6 3. Nf3 e5 4. Bc4 d6 5. Ng5 Be6 6. Bxe6 fxe6 7. Nxe6 Qe7 8.
Nxf8 Qxf8 9. d3 Ng4 10. Qxg4 g6 11. Qe6+ Ne7 12. Bg5 Kd8 13. Bxe7+ Qxe7 14. Qd5
c6 15. Qb3 h5 16. O-O a5 17. a4 b6 18. Qxb6+ Qc7 19. Qxc7+ Kxc7 20. Ra3 Rhb8
21. Rb3 Rxb3 22. cxb3 Rb8 23. f4 exf4 24. Rxf4 Rxb3 25. Rf7+ Kd8 26. Rf8+ Ke7
27. Rg8 Kf7 28. Rc8 Rxc3 29. bxc3 d5 30. Rxc6 dxe4 31. dxe4 Ke7 32. e5 Kd7 33.
Rxg6 Ke7 34. c4 Kf7 35. Ra6 Kg7 36. e6 Kf8 37. Ra7 Kg8 38. e7 Kf7 39. c5 h4 40.
c6 1-0

[Event "Junior Online 4NCL Division 5"]
[Site "online"]
[Date "2020.04.23"]
[Round "2.202"]
[White "Sander, Daniel"]
[Black "Dhir, Jai Alexander"]
[Result "0-1"]
[WhiteElo "737"]
[BlackElo "1037"]
[PlyCount "54"]
[EventDate "2020.04.23"]
[WhiteTeam "Uxbridge Juniors B2"]
[BlackTeam "Uxbridge Juniors Jamma"]

1. e4 e6 2. Nf3 d5 3. Nc3 d4 4. Nxd4 Qxd4 5. Bb5+ Bd7 6. Bxd7+ Nxd7 7. O-O Ngf6
8. d3 Bb4 9. Ne2 Qb6 10. Be3 Nc5 11. Bxc5 Bxc5 12. d4 Rd8 13. Qc1 Bxd4 14. Nxd4
Qxd4 15. Qg5 Nxe4 16. Qxg7 Qxg7 17. Rae1 Qg6 18. Rd1 Rxd1 19. Rxd1 O-O 20. h3
Qf5 21. Rd4 Qxf2+ 22. Kh1 Qxd4 23. c3 Qd2 24. Kh2 Qxb2 25. Kg1 Qxa2 26. Kf1
Nxc3 27. Ke1 Qe2# 0-1

[Event "Junior Online 4NCL Division 5"]
[Site "online"]
[Date "2020.04.23"]
[Round "2.203"]
[White "Ng, Jacob"]
[Black "Agarwal, Avi"]
[Result "0-1"]
[WhiteElo "925"]
[BlackElo "737"]
[PlyCount "47"]
[EventDate "2020.04.23"]
[WhiteTeam "Uxbridge Juniors Jamma"]
[BlackTeam "Uxbridge Juniors B2"]

1. d4 d5 2. Nc3 Nf6 3. Nf3 Nc6 4. Bf4 e6 5. g3 Nh5 6. Bg2 Nxf4 7. gxf4 Bd7 8.
Rg1 Bd6 9. e3 Qf6 10. Qe2 O-O-O 11. O-O-O Nb4 12. Kb1 g6 13. Bh3 g5 14. Nxg5 h6
15. Nf3 Rdg8 16. Bf1 Rg6 17. Bg2 Rhg8 18. Rdf1 Rxg2 19. Rxg2 Rxg2 20. Rg1 Qg7
21. Qf1 f6 22. Nh4 Rxg1 23. Qxg1 Qxg1+ 24. Nd1 0-1

[Event "Junior Online 4NCL Division 5"]
[Site "online"]
[Date "2020.04.23"]
[Round "2.205"]
[White "Tang, Kei Hon"]
[Black "Knight, Michael D"]
[Result "0-1"]
[WhiteElo "775"]
[BlackElo "1210"]
[PlyCount "92"]
[EventDate "2020.04.23"]
[WhiteTeam "Uxbridge Juniors B2"]
[BlackTeam "Uxbridge Juniors Jamma"]

1. Nf3 e6 2. Nc3 d5 3. d4 c5 4. e3 Nc6 5. a3 Nf6 6. b4 cxd4 7. exd4 a6 8. Bf4
Bd6 9. Bxd6 Qxd6 10. h4 O-O 11. Qe2 Bd7 12. Ne5 Nxd4 13. Qd3 Qxe5+ 14. Be2 Ne4
15. Nxe4 dxe4 16. Qg3 Qxg3 17. fxg3 Nxc2+ 18. Kd2 Nxa1 19. Rxa1 Rfd8 20. Ke3
Bc6 21. Rd1 Ba4 22. Rd4 Rxd4 23. Kxd4 Bc6 24. Kc5 Rc8 25. Kb6 f5 26. a4 g6 27.
b5 axb5 28. axb5 Bd5 29. Ka5 Rc2 30. Bf1 Ra2+ 31. Kb4 Ra1 32. Be2 Rg1 33. Bc4
Rxg2 34. Kc5 e3 35. Bxd5 e2 36. Bxg2 e1=Q 37. Bxb7 Qc3+ 38. Kd6 Qc4 39. b6 Qb4+
40. Kc6 e5 41. Bc8 Qc4+ 42. Kd6 Qxc8 43. Kxe5 Qc6 44. h5 Qxb6 45. Kf4 gxh5 46.
Kxf5 Qg6+ 0-1

[Event "Junior Online 4NCL Division 5"]
[Site "online"]
[Date "2020.04.23"]
[Round "2.206"]
[White "Dhir, Jai Alexander"]
[Black "Sander, Daniel"]
[Result "1-0"]
[WhiteElo "1037"]
[BlackElo "737"]
[PlyCount "53"]
[EventDate "2020.04.23"]
[WhiteTeam "Uxbridge Juniors Jamma"]
[BlackTeam "Uxbridge Juniors B2"]

1. e4 e5 2. Nf3 Nc6 3. d4 exd4 4. Nxd4 Nxd4 5. Qxd4 Nf6 6. e5 Ng4 7. Qxg4 d6 8.
Qe4 dxe5 9. Qxe5+ Be6 10. Bc4 Qd7 11. Bxe6 fxe6 12. O-O Bd6 13. Qh5+ g6 14. Qh6
Bc5 15. Nc3 O-O-O 16. Be3 Bxe3 17. fxe3 Qd2 18. Rac1 Rhf8 19. Rcd1 Qxc2 20.
Rxd8+ Rxd8 21. Rf8 Rxf8 22. Qxf8+ Kd7 23. Qf7+ Kd6 24. Qf4+ Kc5 25. Qxc7+ Kb4
26. Qxb7+ Kc4 27. Qb5# 1-0

[Event "Junior Online 4NCL Division 5"]
[Site "online"]
[Date "2020.04.23"]
[Round "2.207"]
[White "Agarwal, Avi"]
[Black "Ng, Jacob"]
[Result "1-0"]
[WhiteElo "737"]
[BlackElo "925"]
[PlyCount "121"]
[EventDate "2020.04.23"]
[WhiteTeam "Uxbridge Juniors B2"]
[BlackTeam "Uxbridge Juniors Jamma"]

1. d4 d5 2. e3 Nc6 3. Nf3 Nf6 4. Nc3 Bf5 5. Bd3 Bxd3 6. Qxd3 e6 7. Bd2 Bd6 8.
Nb5 a6 9. Nxd6+ cxd6 10. O-O-O a5 11. Ng5 Nb4 12. Qb5+ Kf8 13. g3 Nxa2+ 14. Kb1
Nb4 15. Qxb7 Rb8 16. Qa7 Nc6 17. Nxf7 Nxa7 18. Nxd8 Rxd8 19. Bxa5 Rb8 20. Rhe1
Ke7 21. e4 Rhc8 22. exd5 Nxd5 23. Rd3 Nb5 24. Rb3 Ndc3+ 25. bxc3 Nxc3+ 26. Bxc3
Rxc3 27. Rxb8 Rc7 28. d5 e5 29. f4 Kd7 30. fxe5 dxe5 31. Rxe5 Kd6 32. Rd8+ Kxe5
33. Re8+ Kxd5 34. Rd8+ Ke6 35. Re8+ Kd7 36. Rb8 Kd6 37. c4 Kc5 38. Rh8 h6 39.
Rg8 Kxc4 40. h4 Kd3 41. g4 Ke4 42. Rh8 Kf4 43. g5 hxg5 44. Rh5 Rc5 45. Rh7 Kg4
46. h5 Rb5+ 47. Kc2 Rb7 48. Kd3 Kf5 49. Ke3 g4 50. Kf2 Kf4 51. Kg2 g3 52. Rh8
Rb2+ 53. Kh3 g2 54. Kh2 Kf3 55. Rg8 Rb1 56. Rxg7 g1=Q+ 57. Rxg1 Rxg1 58. Kxg1
Kg4 59. h6 Kg5 60. h7 Kg6 61. h8=Q 1-0

[Event "Junior Online 4NCL Division 5"]
[Site "online"]
[Date "2020.04.23"]
[Round "2.212"]
[White "Khashu, Rohan"]
[Black "Evans, Macsen"]
[Result "1-0"]
[WhiteElo "1097"]
[BlackElo "691"]
[PlyCount "129"]
[EventDate "2020.04.23"]
[WhiteTeam "Hallfield School C"]
[BlackTeam "TSK Tigers C"]

1. e4 e5 2. Nf3 Nc6 3. Bb5 Nf6 4. Nc3 d6 5. O-O Bg4 6. g3 Bxf3 7. Qxf3 a6 8.
Bxc6+ bxc6 9. d3 Qb8 10. Bg5 Qxb2 11. Bxf6 Qxc3 12. Bh4 Qxc2 13. Qd1 Qc5 14.
Rc1 Qa7 15. Rxc6 Rb8 16. Qc1 Qb7 17. Rxc7 Qb5 18. Qc6+ Qxc6 19. Rxc6 h6 20.
Rxa6 g5 21. Bxg5 hxg5 22. Rc1 Be7 23. Rc7 Bd8 24. Rca7 Bb6 25. Ra8 Bd8 26. Rxb8
Rh6 27. Rbb6 Bxb6 28. Rxb6 Rh7 29. Rb8+ Ke7 30. a4 Rg7 31. a5 Rg6 32. a6 Kd7
33. a7 g4 34. a8=Q d5 35. Qxd5+ Ke7 36. Qxe5+ Re6 37. Qxe6+ fxe6 38. d4 Kf6 39.
d5 exd5 40. exd5 Ke5 41. Rd8 Ke4 42. d6 Kd5 43. d7 Kd6 44. Kg2 Kc6 45. h3 gxh3+
46. Kxh3 Kc7 47. Rc8+ Kxd7 48. Rc1 Ke6 49. f4 Kf5 50. Rc5+ Kf6 51. f5 Kf7 52.
Rc6 Ke7 53. f6+ Kf7 54. g4 Kg6 55. Kh4 Kf7 56. g5 Kg6 57. Re6 Kf5 58. f7 Kxe6
59. f8=Q Kd5 60. g6 Kc6 61. g7 Kd5 62. g8=Q+ Ke5 63. Qe7+ Kf5 64. Qgf8+ Kg6 65.
Qeg7# 1-0

[Event "Junior Online 4NCL Division 5"]
[Site "online"]
[Date "2020.04.23"]
[Round "2.213"]
[White "Quin, Nicolas"]
[Black "Gandhi, Preesh"]
[Result "1-0"]
[WhiteElo "660"]
[BlackElo "947"]
[PlyCount "61"]
[EventDate "2020.04.23"]
[WhiteTeam "TSK Tigers C"]
[BlackTeam "Hallfield School C"]

1. e4 e5 2. Nf3 Nc6 3. Nc3 Nf6 4. Bb5 d6 5. d3 a6 6. Bxc6+ bxc6 7. O-O Nh5 8.
Qe2 Nf4 9. Bxf4 exf4 10. Qd2 g5 11. Rae1 Bg4 12. Nd4 c5 13. Nc6 Qd7 14. Na5
O-O-O 15. b3 Bg7 16. Nc4 Bxc3 17. Qxc3 Rhe8 18. e5 d5 19. Nb6+ cxb6 20. d4 Qc6
21. dxc5 bxc5 22. b4 c4 23. Rb1 d4 24. Qa3 d3 25. cxd3 cxd3 26. Qb3 Qb5 27.
Rbc1+ Kb8 28. Rc5 Qb6 29. b5 Qxc5 30. bxa6+ Ka7 31. Qb7# 1-0

[Event "Junior Online 4NCL Division 5"]
[Site "online"]
[Date "2020.04.23"]
[Round "2.214"]
[White "Patel, Diah Dipal"]
[Black "Squirrell, Baxter"]
[Result "1-0"]
[WhiteElo "707"]
[BlackElo "589"]
[PlyCount "73"]
[EventDate "2020.04.23"]
[WhiteTeam "Hallfield School C"]
[BlackTeam "TSK Tigers C"]

1. e4 e5 2. Nf3 Nc6 3. Nc3 Nf6 4. Bc4 Bb4 5. O-O O-O 6. d3 Nh5 7. Bg5 Qe8 8.
Nd2 Nd4 9. Qxh5 g6 10. Qh4 d5 11. exd5 Nxc2 12. Rae1 Nxe1 13. Rxe1 Bxc3 14. Re3
Bxd2 15. Re2 Bxg5 16. Qxg5 Qa4 17. Bb3 Qxa2 18. Bxa2 a5 19. h3 Ra6 20. Bc4 Rd6
21. Re4 Bf5 22. Rh4 a4 23. g4 Bxd3 24. Bxd3 c6 25. dxc6 bxc6 26. Be2 Rd2 27.
Qxd2 Rb8 28. Bc4 Kf8 29. Qh6+ Kg8 30. Qxh7+ Kf8 31. Qh8+ Ke7 32. Qxb8 e4 33.
Qc7+ Kf6 34. Qxc6+ Kg5 35. Rh8 a3 36. bxa3 e3 37. fxe3 1-0

[Event "Junior Online 4NCL Division 5"]
[Site "online"]
[Date "2020.04.23"]
[Round "2.216"]
[White "Evans, Macsen"]
[Black "Khashu, Rohan"]
[Result "1-0"]
[WhiteElo "691"]
[BlackElo "1097"]
[PlyCount "105"]
[EventDate "2020.04.23"]
[WhiteTeam "TSK Tigers C"]
[BlackTeam "Hallfield School C"]

1. e4 e5 2. Nf3 Nc6 3. Nc3 Nf6 4. Bb5 Bc5 5. Bxc6 bxc6 6. Na4 Bd6 7. d3 O-O 8.
Bg5 Be7 9. Bxf6 Bxf6 10. Nc5 Qe7 11. Nb3 Qb4+ 12. Kf1 Ba6 13. g4 Rab8 14. g5
Be7 15. Nxe5 Bxg5 16. Nxd7 Rfd8 17. Nxb8 Rxb8 18. Rg1 Qb6 19. Rxg5 f6 20. Rg3
Re8 21. Qg4 g5 22. Qd7 Rf8 23. Rg4 Rf7 24. Qe8+ Rf8 25. Qe6+ Rf7 26. Qe8+ Rf8
27. Qh5 h6 28. Qxh6 f5 29. Rxg5+ Kf7 30. Qg7+ Ke8 31. Qe5+ Kf7 32. Qxf5+ Ke8
33. Qg6+ Ke7 34. Re5+ Kd8 35. Qg5+ Kc8 36. Qe7 Rd8 37. Qe6+ Rd7 38. Rf5 c5 39.
Nxc5 Qxc5 40. Rxc5 Bb7 41. Qe8+ Rd8 42. Qa4 c6 43. Qxa7 Kd7 44. Qxb7+ Kd6 45.
Qxc6+ Ke7 46. Qc7+ Rd7 47. Re5+ Kf8 48. Qxd7 Kg8 49. Rg5+ Kf8 50. Rf5+ Kg8 51.
Qe6+ Kg7 52. Rg5+ Kh7 53. Qh3# 1-0

[Event "Junior Online 4NCL Division 5"]
[Site "online"]
[Date "2020.04.23"]
[Round "2.217"]
[White "Gandhi, Preesh"]
[Black "Quin, Nicolas"]
[Result "1-0"]
[WhiteElo "947"]
[BlackElo "660"]
[PlyCount "49"]
[EventDate "2020.04.23"]
[WhiteTeam "Hallfield School C"]
[BlackTeam "TSK Tigers C"]

1. e4 e5 2. Nf3 Nc6 3. Nc3 Nf6 4. d4 d6 5. d5 Bg4 6. dxc6 bxc6 7. h3 Bxf3 8.
Qxf3 c5 9. Bb5+ Nd7 10. Bc4 Qe7 11. Nd5 Qe6 12. Nxc7+ Kd8 13. Nxe6+ Kc8 14.
Nxf8 Rxf8 15. Ba6+ Kd8 16. Qd3 f6 17. Qd5 Rb8 18. Qxd6 Ra8 19. Be3 Rf7 20. Bxc5
g5 21. Bc4 Rf8 22. Bd5 h6 23. Bxa8 a5 24. O-O-O f5 25. Qb8# 1-0